Does a difference make a difference? Comparing cross-national crime indicators
| VerfasserInnen: | ; |
|---|---|
| Medienart: | Elektronisch Aufsatz |
| Sprache: | Englisch |
| Veröffentlicht: |
1990
|
| In: |
Criminology
Jahr: 1990, Band: 28, Heft: 1, Seiten: 153-182 |
| Online-Zugang: |
Volltext (lizenzpflichtig) Volltext (lizenzpflichtig) |
| Verfügbarkeit prüfen: | HBZ Gateway |
MARC
| LEADER | 00000caa a22000002c 4500 | ||
|---|---|---|---|
| 001 | 1912518090 | ||
| 003 | DE-627 | ||
| 005 | 20250127054942.0 | ||
| 007 | cr uuu---uuuuu | ||
| 008 | 241217s1990 xx |||||o 00| ||eng c | ||
| 024 | 7 | |a 10.1111/j.1745-9125.1990.tb01322.x |2 doi | |
| 035 | |a (DE-627)1912518090 | ||
| 035 | |a (DE-599)KXP1912518090 | ||
| 040 | |a DE-627 |b ger |c DE-627 |e rda | ||
| 041 | |a eng | ||
| 084 | |a 2,1 |2 ssgn | ||
| 100 | 1 | |a Bennett, Richard R. |e VerfasserIn |4 aut | |
| 109 | |a Bennett, Richard R. | ||
| 245 | 1 | 0 | |a Does a difference make a difference? Comparing cross-national crime indicators |
| 264 | 1 | |c 1990 | |
| 336 | |a Text |b txt |2 rdacontent | ||
| 337 | |a Computermedien |b c |2 rdamedia | ||
| 338 | |a Online-Ressource |b cr |2 rdacarrier | ||
| 700 | 1 | |a Lynch, James P. |d 1949- |e VerfasserIn |0 (DE-588)137675984 |0 (DE-627)594836166 |0 (DE-576)166396095 |4 aut | |
| 773 | 0 | 8 | |i Enthalten in |t Criminology |d Oxford [u.a.] : Wiley-Blackwell, 1970 |g 28(1990), 1, Seite 153-182 |h Online-Ressource |w (DE-627)340877685 |w (DE-600)2066199-X |w (DE-576)25810161X |x 1745-9125 |7 nnas |
| 773 | 1 | 8 | |g volume:28 |g year:1990 |g number:1 |g pages:153-182 |
| 787 | 0 | 8 | |i Forschungsdaten |a Archer, Dane |t Violence and Crime in Cross-National Perspective, 1900-1974 |d [Erscheinungsort nicht ermittelbar] : [Verlag nicht ermittelbar], 1987 |w (DE-627)1840062754 |
| 856 | 4 | 0 | |u https://doi.org/10.1111/j.1745-9125.1990.tb01322.x |x Resolving-System |z lizenzpflichtig |3 Volltext |7 1 |
| 856 | 4 | 0 | |u https://www.ncjrs.gov/app/publications/abstract.aspx?id=124041 |x Verlag |z lizenzpflichtig |3 Volltext |7 1 |
| 935 | |a mkri | ||
| 951 | |a AR | ||
| ELC | |a 1 | ||
| LOK | |0 000 xxxxxcx a22 zn 4500 | ||
| LOK | |0 001 463748359X | ||
| LOK | |0 003 DE-627 | ||
| LOK | |0 004 1912518090 | ||
| LOK | |0 005 20241217044336 | ||
| LOK | |0 008 241217||||||||||||||||ger||||||| | ||
| LOK | |0 035 |a (DE-2619)ICPSR3339 | ||
| LOK | |0 040 |a DE-2619 |c DE-627 |d DE-2619 | ||
| LOK | |0 092 |o n | ||
| LOK | |0 852 |a DE-2619 | ||
| LOK | |0 852 1 |9 00 | ||
| LOK | |0 935 |a nacp | ||
| LOK | |0 939 |a 17-12-24 |b l01 | ||
| ORI | |a SA-MARC-krimdoka001.raw | ||
